[Event "Challenge"]
[Site "http://www.queenalice.com/game.php?id=1547572"]
[Date "2018.10.29"]
[Round "-"]
[White "vivoferreira"]
[Black "serard1"]
[Result "0-1"]
[WhiteElo "1573"]
[BlackElo "1347"]

1. e4 e6 2. d4 b6 3. Nf3 Bb7 4. Bd3 f6 5. Nc3 a6 6. Be3 Bb4 7. Qd2 Bxc3 8. Qxc3
g5 9. d5 e5 10. O-O-O d6 11. h3 c6 12. dxc6 Nxc6 13. g4 a5 14. Bc4 Nb4 15. Kb1
Ne7 16. h4 Bxe4 17. Ne1 d5 18. Bb5+ Kf7 19. hxg5 Bxh1 20. gxf6 Ng6 21. g5 Be4
22. f3 Bf5 23. Nd3 d4 24. Qc4+ Be6 25. Nxe5+ Nxe5 26. Qe2 Bd5 27. Bxd4 Nd7 28.
a3 Na6 29. Bf2 Re8 30. Rxd5 Rxe2 31. Rxd7+ Ke8 32. Rxd8+ Kxd8 33. Bxe2 Ke8 34.
Bxb6 Nb8 35. f4 Kf7 36. Bf3 Ra6 37. Bc5 Nd7 38. Be2 Re6 39. Bc4 Nxc5 40. Bxe6+
Nxe6 41. c3 Nc5 42. Kc2 Ne6 43. Kb3 Nxf4 44. Ka4 Nd3 45. Kxa5 Nxb2 46. Kb4 Nd3+
47. Kb5 Ne5 48. c4 h5 49. c5 h4 50. c6 Nxc6 51. Kxc6 h3 52. Kd6 h2 53. g6+ Kxf6
0-1

[Event "Challenge"]
[Site "http://www.queenalice.com/game.php?id=1547573"]
[Date "2018.10.29"]
[Round "-"]
[White "serard1"]
[Black "vivoferreira"]
[Result "0-1"]
[WhiteElo "1345"]
[BlackElo "1555"]

1. e3 c5 2. g3 e6 3. d3 Nc6 4. c3 d5 5. d4 Nf6 6. Nf3 cxd4 7. cxd4 Bd6 8. Bb5
Bd7 9. Ng5 Ne4 10. Qf3 Nxg5 11. Qg4 e5 12. Qh5 Nb4 13. Qd1 Bxb5 14. Bd2 Qd7 15.
h4 Nd3+ 16. Kf1 Nxb2+ 17. Qe2 Bxe2+ 18. Kxe2 Qb5+ 19. Ke1 Nd3+ 20. Ke2 Nb4+ 21.
Kd1 Nf3 22. a3 Qa4+ 23. Ke2 e4 24. Bxb4 Qc2+ 25. Kf1 Qb2 26. Bc3 Qc1+ 27. Kg2
Qc2 28. Kh3 Qxf2 29. Ba5 Qxg3# 0-1

[Event "Challenge"]
[Site "http://www.queenalice.com/game.php?id=1547824"]
[Date "2018.11.1"]
[Round "-"]
[White "serard1"]
[Black "Givanildo"]
[Result "0-1"]
[WhiteElo "1337"]
[BlackElo "1637"]

1. e3 d5 2. d4 Bf5 3. g4 Be4 4. f3 Bg6 5. Nh3 e6 6. f4 Qh4+ 7. Nf2 Bb4+ 8. c3
Bd6 9. Bd2 Bxb1 10. Qxb1 Nd7 11. Qd3 Ngf6 12. O-O-O Qxf2 13. Be1 Qf3 14. Rg1 Qe4
15. Qe2 O-O-O 16. g5 Ne8 17. Bg2 Qg6 18. c4 c6 19. c5 Bc7 20. h4 f6 21. h5 Qf7
22. e4 Bxf4+ 23. Bd2 Bxg5 24. exd5 exd5 25. Rgf1 Bxd2+ 26. Qxd2 h6 27. Qb4 Nc7
28. Rd3 Qxh5 29. Rb3 Qg5+ 30. Kd1 b6 31. cxb6 Nxb6 32. Ra3 Qxg2 33. Re1 Qg4+ 34.
Kc1 Nc4 35. Rb3 Qf4+ 36. Kc2 Nb5 37. Rd1 Qe4+ 38. Kc1 Qf4+ 39. Kb1 Rd7 40. a4
Qe4+ 41. Ka2 Rb7 42. axb5 Rxb5 43. Qa4 Rxb3 44. Qa6+ Rb7 45. Qxc6+ Kb8 46. Rb1
Qxd4 47. b3 Qd2+ 48. Ka1 Qa5+ 49. Qa4 Qc3+ 50. Ka2 Nd2 51. Qc6 Qxc6 52. Rb2 Qa6#
0-1

[Event "Challenge"]
[Site "http://www.queenalice.com/game.php?id=1547825"]
[Date "2018.11.1"]
[Round "-"]
[White "serard1"]
[Black "Givanildo"]
[Result "0-1"]
[WhiteElo "1286"]
[BlackElo "1617"]

1. e3 d5 2. d4 Bf5 3. g4 Bg6 4. Nh3 h6 5. c4 e6 6. Nc3 a6 7. c5 c6 8. Qf3 Be7 9.
Nf4 Bh7 10. Nh5 Bf6 11. Bd2 Nd7 12. Nf4 Ne7 13. Nce2 Be4 14. Qg3 Bxh1 15. f3 h5
16. Qh3 g6 17. Kf2 hxg4 18. Qg3 Bh4 19. Qxh4 Rxh4 20. fxg4 Rxh2+ 21. Kg1 Rh4 22.
Be1 Ng8 23. Bxh4 Qxh4 24. b4 Be4 25. Ng2 Qxg4 26. Nf4 g5 27. Be2 Qg3 28. Rf1
gxf4 29. Rf2 fxe3 30. Rf4 Qxg2# 0-1

[Event "Challenge"]
[Site "http://www.queenalice.com/game.php?id=1547843"]
[Date "2018.11.1"]
[Round "-"]
[White "serard1"]
[Black "Bigchess"]
[Result "0-1"]
[WhiteElo "1300"]
[BlackElo "1782"]

1. e3 e5 2. g3 d5 3. d4 exd4 4. Qxd4 Nf6 5. f3 Be7 6. Nc3 c6 7. Nce2 Be6 8. Nc3
Nbd7 9. Nce2 Nf8 10. Nf4 Ng6 11. Nxg6 hxg6 12. h4 Qc7 13. Ne2 b6 14. Nf4 O-O-O
15. a4 Bc5 16. Qd3 Bf5 17. Qc3 d4 18. exd4 Bd6 19. g4 Bxg4 20. a5 b5 21. fxg4
Bxf4 22. g5 Bg3+ 23. Kd1 Ne4 24. Qf3 Nf2+ 25. Kd2 Nxh1 26. Qxh1 Rxd4+ 27. Bd3
Bxh4 28. c3 Bxg5+ 29. Kc2 Rxh1 30. cxd4 Qh2+ 31. Kc3 Bxc1 32. Be4 Bxb2+ 33. Kb4
Bxa1 34. Bxh1 Qxh1 35. Kc5 g5 36. Kb4 g4 37. Kb3 g3 38. Kc2 g2 39. Kb3 g1=Q 40.
Kb4 Qb1+ 41. Kc5 Qd5# 0-1

[Event "Challenge"]
[Site "http://www.queenalice.com/game.php?id=1547844"]
[Date "2018.11.1"]
[Round "-"]
[White "serard1"]
[Black "Bigchess"]
[Result "0-1"]
[WhiteElo "1294"]
[BlackElo "1850"]

1. e3 e5 2. g3 d5 3. d4 exd4 4. Qxd4 Nf6 5. f3 Be7 6. Nc3 c6 7. Nce2 Be6 8. g4
Nbd7 9. Nf4 Nf8 10. g5 c5 11. Qe5 Bd6 12. Qc3 d4 13. Qd2 dxe3 14. Qxe3 Bxf4 15.
Qxf4 Nd5 16. Qa4+ Bd7 17. Qe4+ Be6 18. Bb5+ Ke7 19. Qe5 Ng6 20. Qg3 Qa5+ 21. Bd2
Qxb5 22. b3 Qc6 23. Ne2 Kd7 24. O-O h5 25. a4 h4 26. Qf2 h3 27. Ng3 b6 28. Ne2
a5 29. f4 Bf5 30. c4 Rh4 31. Ng3 Rg4 32. Qf3 Nh4 33. Qe2 Nb4 34. Rf2 Be4 35. Kf1
Bg2+ 36. Ke1 Re8 37. Be3 Nf3+ 38. Kd1 Nxh2 39. Qd2+ Kc7 40. f5 Nf3 41. Qe2 Nd4
42. Qxg4 Nxb3 43. Rb1 Nd3 44. Re2 Rxe3 45. Rxe3 Nf2+ 46. Ke2 Nxg4 47. Rexb3 Qxa4
48. Rxb6 Qxc4+ 49. Ke1 Qd3 50. Rb7+ Bxb7 51. Ne4 Qxe4+ 52. Kd1 Qxb1+ 53. Ke2
Qxf5 54. Ke1 Qxg5 55. Kf1 Ne3+ 56. Ke2 h2 57. Kd3 h1=Q 58. Ke2 Ba6+ 59. Kd2 Qd1+
60. Kc3 Qc2# 0-1

[Event "Challenge"]
[Site "http://www.queenalice.com/game.php?id=1547994"]
[Date "2018.11.2"]
[Round "-"]
[White "gruppodilavoro"]
[Black "serard1"]
[Result "1-0"]
[WhiteElo "1877"]
[BlackElo "1302"]

1. e4 d6 2. d4 b6 3. d5 c6 4. dxc6 Nxc6 5. Bb5 Bd7 6. f4 a6 7. Bxc6 Bxc6 8. Nc3
e6 9. Nf3 h6 10. O-O d5 11. Be3 dxe4 12. Qxd8+ Rxd8 13. Bxb6 Rb8 14. Ne5 Rxb6
15. Nxc6 Rxc6 16. Nxe4 Rxc2 17. Rac1 Rxb2 18. Rb1 Re2 19. Rb8+ Ke7 20. Rb7+ Ke8
21. Rc1 Be7 22. Rc8+ Bd8 23. Nd6+ Kf8 24. Rxd8# 1-0

[Event "Challenge"]
[Site "http://www.queenalice.com/game.php?id=1547995"]
[Date "2018.11.2"]
[Round "-"]
[White "serard1"]
[Black "gruppodilavoro"]
[Result "0-1"]
[WhiteElo "1298"]
[BlackElo "1883"]

1. e3 Nf6 2. g3 e5 3. b3 d5 4. Bb2 Nc6 5. Bb5 Bd7 6. h4 Bd6 7. Bxc6 Bxc6 8. Nh3
d4 9. Ng5 Bxh1 10. Qe2 O-O 11. f3 Re8 12. Qh2 dxe3 13. Qxh1 exd2+ 14. Nxd2 e4
15. fxe4 Bxg3+ 16. Ke2 Bf4 17. Bxf6 Qxd2+ 18. Kf1 gxf6 19. Nh3 Be5 20. Nf2 Bxa1
21. Qg1+ Kh8 22. Kg2 Rg8+ 23. Kh2 Qf4+ 24. Kh3 Rxg1 25. Nh1 Rxh1+ 26. Kg2 Rg8+
27. Kxh1 Qxh4# 0-1

[Event "Challenge"]
[Site "http://www.queenalice.com/game.php?id=1548511"]
[Date "2018.11.7"]
[Round "-"]
[White "serard1"]
[Black "Consultti"]
[Result "0-1"]
[WhiteElo "1351"]
[BlackElo "1738"]

1. e3 Nf6 2. g3 Nc6 3. a3 d5 4. Bg2 e5 5. a4 g6 6. Nh3 Bh6 7. O-O e4 8. b3 Bg4
9. f3 Bxh3 10. Bxh3 Bg7 11. c3 O-O 12. fxe4 dxe4 13. d3 exd3 14. Bg2 Qd6 15. Ba3
Qe6 16. Rf3 Rfd8 17. Nd2 Nh5 18. e4 Bxc3 19. Rb1 Nd4 20. Rf1 Qb6 21. Nf3 Nc2+
22. Kh1 Ne3 23. Qc1 Nxf1 24. Qxf1 d2 25. Rd1 Qxb3 26. Be7 Rd7 27. Bg5 Re8 28.
Nxd2 Qxa4 29. g4 Ng7 30. Qf3 b5 31. Rc1 Bxd2 32. Rf1 Bxg5 33. Qe2 b4 34. e5 b3
35. Rb1 Rd2 36. Qe4 Qxe4 37. Bxe4 b2 38. h3 Rxe5 39. Bg2 Rde2 40. Bf3 Rc2 41.
Rxb2 Re1# 0-1

[Event "Challenge"]
[Site "http://www.queenalice.com/game.php?id=1549306"]
[Date "2018.11.15"]
[Round "-"]
[White "serard1"]
[Black "vivoferreira"]
[Result "1-0"]
[WhiteElo "1396"]
[BlackElo "1536"]

1. e3 e5 2. g3 d5 3. h4 Nc6 4. Bb5 Bd7 5. Bxc6 Bxc6 6. b3 Nf6 7. Bb2 Bd6 8. Nc3
d4 9. Nce2 Bxh1 10. f3 e4 11. Nxd4 Bxg3+ 12. Ke2 Bxh4 13. Nf5 exf3+ 14. Nxf3
Bxf3+ 15. Kxf3 O-O 16. Nxh4 Qd5+ 17. Ke2 Ng4 18. c4 Qd8 19. Nf3 Re8 20. Qh1 c6
21. Qg2 f5 22. Qh3 h6 23. Rh1 Qe7 24. Nh4 Rad8 25. Nxf5 Qg5 26. Nxg7 Re7 27. Nh5
Re4 28. Rf1 1-0

[Event "Challenge"]
[Site "http://www.queenalice.com/game.php?id=1550567"]
[Date "2018.11.24"]
[Round "-"]
[White "Consultti"]
[Black "serard1"]
[Result "1-0"]
[WhiteElo "1740"]
[BlackElo "1349"]

1. e4 e6 2. d4 b6 3. Nc3 Bb4 4. Nf3 Nf6 5. g3 Bxc3+ 6. bxc3 Nxe4 7. Qd3 Ng5 8.
Nxg5 h6 9. Nh7 a5 10. g4 Bb7 11. d5 exd5 12. Bxh6 gxh6 13. O-O-O Qh4 14. Re1+
Kd8 15. g5 Qf4+ 16. Kb1 hxg5 17. Rg1 Qh4 18. h3 Rxh7 19. Qf5 c5 20. Rxg5 Qh6 21.
Qe5 f6 22. Rg8+ 1-0

[Event "Challenge"]
[Site "http://www.queenalice.com/game.php?id=1552184"]
[Date "2018.12.8"]
[Round "-"]
[White "serard1"]
[Black "Givanildo"]
[Result "0-1"]
[WhiteElo "1418"]
[BlackElo "1720"]

1. e3 d5 2. g3 Bf5 3. Bg2 e6 4. h4 h5 5. d4 Bb4+ 6. c3 Be7 7. Nd2 c6 8. Ngf3 Nf6
9. Ng5 Ng4 10. Ngf3 Be4 11. Nxe4 dxe4 0-1

[Event "Challenge"]
[Site "http://www.queenalice.com/game.php?id=1552185"]
[Date "2018.12.8"]
[Round "-"]
[White "serard1"]
[Black "Givanildo"]
[Result "0-1"]
[WhiteElo "1414"]
[BlackElo "1724"]

1. e3 d5 2. g3 Bf5 3. Qf3 e6 4. d3 Bb4+ 5. c3 Bd6 6. e4 dxe4 7. dxe4 Bg6 8. Nd2
Nf6 9. Nb3 Bxe4 10. Qe3 Bxh1 0-1

[Event "Challenge"]
[Site "http://www.queenalice.com/game.php?id=1552187"]
[Date "2018.12.8"]
[Round "-"]
[White "serard1"]
[Black "digger"]
[Result "0-1"]
[WhiteElo "1383"]
[BlackElo "1567"]

1. e3 e5 2. g3 e4 3. f3 Nf6 4. d3 exf3 5. Nxf3 Bb4+ 6. c3 Be7 7. e4 d6 8. Bg5
Qd7 9. Bxf6 Bxf6 10. d4 c6 11. h3 h5 0-1